| 000 | 00794nam a2200217 i 4500 | ||
|---|---|---|---|
| 001 | 24387 | ||
| 003 | ES-MaACL | ||
| 005 | 20260525062924.0 | ||
| 007 | t| | ||
| 008 | 021217s1947 sp ||||1| spa d | ||
| 245 | 0 | 0 |
_aAntología de cuentistas chinos / _cselección y prólogo de Lo Ta Kang ; [traducción directa del chino por Ma Ce Hwang (Marcela de Juan)]. |
| 260 |
_aBarcelona, etc. : _bEspasa-Calpe Argentina, _c[1947] ( _fCía. Grab. Fabril Financiera) |
||
| 300 |
_a147 p. ; _c18 cm. |
||
| 490 | 1 |
_aColección austral ; _v787 |
|
| 650 | 4 |
_aCuentos chinos. _9161280 |
|
| 700 | 1 |
_aLuo, Dagang ( _d1909-1998) _9169433 |
|
| 700 | 1 |
_aJuan, Marcela de, _d1905-1981 _967096 |
|
| 830 | 0 |
_aColección austral _v787 _9177655 |
|
| 852 |
_aES-MaACL _jC-10034 _bR.37868 |
||
| 999 |
_c24387 _d24387 |
||